Partenaires commerciaux de Saint-Vincent-et-les-Grenadines - Statistiques

Statistiques générales
  • Ce quiz a été pris 187 fois
  • Le résultat moyen est 13 sur 20
Statistiques - réponses
Importations Exportations Pays % Correct
139,4 Etats-Unis
100%
11,1 Etats-Unis
100%
20,1 Chine
84%
6,5 Canada
82%
26,5 Royaume-Uni
80%
5,5 Sainte-Lucie
72%
8,0 Barbade
66%
6,5 Barbade
66%
3,0 Saint-Christophe-et-Nièves
66%
8,5 Japon
63%
4,1 Dominique
62%
1,9 Grenade
62%
35,7 Trinité-et-Tobago
58%
4,9 Trinité-et-Tobago
58%
3,4 Antigua-et-Barbuda
54%
5,5 Pays-Bas
50%
4,8 Italie
44%
6,0 Portugal
44%
6,1 Turquie
24%
3,5 Suisse
19%
Aucun quiz correspondant
Distribution des résultats
% des personnes avec chaque résultat
Percentile par nombre de réponses
Votre historique - résultats
Vous n’avez pas pris ce quiz